Informe /

Caracteriza en forma general el proceso de reforma agraria en Honduras. Expone los intentos históricos de reforma agraria en el país (1924, 1936, 1962) y las causas de sus fracasos. Estudia el fuerte impulso a la transformación agraria que se dio por medio del decreto n° 8 del 26 de diciembre de 197...

詳細記述

保存先:
書誌詳細
第一著者: Díaz Murillo, Ramiro
団体著者: Instituto Nacional Agrario
その他の著者: Sandoval, Marco Tulio, Euceda, Miguel Angel, Hernández, Gustavo Adolfo
フォーマット: テキスト
出版事項: Heredia: CEDAL
主題:
タグ: タグ追加
タグなし, このレコードへの初めてのタグを付けませんか!

MARC

LEADER 00000 a a2200000 04500
001 20202
003
040
090 |a 083400  
100 |a Díaz Murillo, Ramiro  
110 |a Instituto Nacional Agrario  
245 |a Informe /  |c Díaz Murillo, Ramiro  
260 |a Heredia:   |b CEDAL  
300 |a 22 p.  
520 |a Caracteriza en forma general el proceso de reforma agraria en Honduras. Expone los intentos históricos de reforma agraria en el país (1924, 1936, 1962) y las causas de sus fracasos. Estudia el fuerte impulso a la transformación agraria que se dio por medio del decreto n° 8 del 26 de diciembre de 1972, el cual fue complementado por el Plan Nacional de Reforma Agraria (ley de reforma agraria vigente desde 1975). Presenta un cuadro general de la tenencia de la tierra en 1973. Ubica la reforma agraria en el contexto geográfico, económico, social e institucional. Menciona brevemente algunos aspectos del movimiento campesino den Honduras./ACM  
650 |a HONDURAS  
650 |a REFORMAS AGRARIAS  
650 |a SSITEMAS DE TENENCIA DE LA TIERRA  
650 |a MOVIMIENTOS CAMPESINOS  
700 |a Sandoval, Marco Tulio  
700 |a Euceda, Miguel Angel  
700 |a Hernández, Gustavo Adolfo  
999 |c 13265  |d 13265